000 00566nam a22001817a 4500
005 20251108170955.0
008 250721s9999 xx 000 0 ara d
082 1 4 _aم/982.11/قتي
100 1 _aإبن قتيبة، أبو محمد عبد الله بن مسلم
245 1 0 _aالشعر و الشعراء /
264 1 _aلندن :
_bمطبعة بريل،
_c[19-].
300 _a660ص
500 _aيعرف هذا الكتاب باسم طبقات الشعراء
650 1 7 _aالشعراء
650 1 7 _aتراجم
942 _2ddc
_cREF
999 _c53419
_d53419